000 00991nam a2200277 i 4500
001 bg
245 0 0 _aFinanse publiczne i prawo finansowe.
_nT. 2 /
_cpod red. nauk. Eugeniusza Ruśkowskiego ; aut. książki Elżbieta Chojna-Duch [et al.].
260 _aWarszawa :
_b"KiK" Konieczny i Kruszewski,
_c2000.
300 _a495 s. ;
_c24 cm.
490 1 _aBiblioteka Przeglądu Podatkowego
504 _aBibliogr. przy rozdz.
650 9 _aFinanse publiczne
_zPolska
_yod 1989 r.
650 9 _aPrawo finansowe
_zPolska
_yod 1989 r.
655 _aPodręczniki akademickie
700 1 _aRUŚKOWSKI, Eugeniusz.
_eRed.
700 1 _aCHOJNA-DUCH, Elżbieta
830 _aBiblioteka Przeglądu Podatkowego
020 _a8391316319 (t. 2)
040 _cBPK
041 0 _apl
080 _a347.73:336.1"1989/..."](438)(075.8)
920 _a83-913163-1-9 (t. 2)
942 _cKS
008 s pl f |000 0 pol
999 _c39221
_d39221
856 _uhttp://koha.tu.koszalin.pl/cgi-bin/koha/opac-detail.pl?biblionumber=39221
_yKatalog online BPK